Niektoré makroekonomické trendy v ekonomike vyspelých krajín Príloha Hospodárskych novín

Analýza rastových možností vo vyspelých krajinách (OECD, G7). Vývoj a prognóza makroekonomických ukazovateľov v krajinách OECD.

Guardado en:
Detalles Bibliográficos
Formato: Capítulo de libro
Lenguaje:eslovaco
Materias:
Etiquetas: Agregar Etiqueta
Sin Etiquetas, Sea el primero en etiquetar este registro!

MARC

LEADER 00000naa a2200000 4500
001 r022750
005 20230801104420.1
041 0 |a slo 
044 |a SK 
245 1 0 |a Niektoré makroekonomické trendy v ekonomike vyspelých krajín  |b Príloha Hospodárskych novín 
520 |a Analýza rastových možností vo vyspelých krajinách (OECD, G7). Vývoj a prognóza makroekonomických ukazovateľov v krajinách OECD. 
610 2 0 |a G-7 
610 2 0 |a OECD 
610 2 0 |a krajiny vyspelé 
610 2 0 |a prognózy hospodárske medzinárodné 
610 2 0 |a ukazovatele ekonomické 
610 2 0 |a rast hospodársky